000 00646nam a2200265Ia 4500
005 20260121172225.0
008 008 260114s9999 xx 000 0 eng d
020 _a9781484262764
037 _aEBOOK
040 _aCRL
040 _beng
040 _cCRL
041 _2eng
041 _aeng
084 _qCRL
100 _aKarun Subramanian
_91085787
245 0 _aPractical Splunk Search Processing Language
260 _bSpringer
260 _bSpringer
260 _c2020
856 _uhttps://link.springer.com/openurl?genre=book&isbn=978-1-4842-6276-4
942 _cEBOOK
999 _c1651524
_d1651524